[Event "Getxo op 4th"]
[Site "Getxo"]
[Date "2019.09.10"]
[Round "4"]
[White "Bilbao Andres, Unai"]
[Black "Montes Gimenez, Mencia"]
[Result "0-1"]
[WhiteElo "1070"]
[BlackElo "1595"]
[PlyCount "102"]
[EventDate "2019.09.08"]
[EventType "swiss"]
[EventRounds "9"]
[EventCountry "ESP"]
[SourceTitle "EXT 2020"]
[Source "ChessBase"]
[SourceDate "2019.10.17"]
[SourceVersion "1"]
[SourceVersionDate "2019.10.17"]
[SourceQuality "1"]

1. d4 e6 2. c4 f5 3. Bf4 Nf6 4. Nf3 d5 5. e3 Bd6 6. Bxd6 Qxd6 7. Nbd2 0-0 8. Be2 Nbd7 9. 0-0 Ne4 10. Qb3 c6 11. Rac1 Ndf6 12. Bd3 Nxd2 13. Nxd2 Ne4 14. Nf3 Rb8 15. Bxe4 fxe4 16. Ne5 Bd7 17. c5 Qe7 18. f3 exf3 19. Nxf3 b6 20. Ne5 bxc5 21. Qa3 Rxf1+ 22. Rxf1 Be8 23. Rc1 Qh4 24. dxc5 Qe7 25. b4 Qh4 26. Nf3 Qxb4 27. Qxa7 Rb7 28. Qa8 Rb8 29. Qa6 Qb2 30. Rf1 Qc3 31. Qa7 Qxe3+ 32. Kh1 Qe2 33. Kg1 Qb5 34. Qe7 Qb7 35. Qxe6+ Bf7 36. Qd6 Be8 37. Ne5 h6 38. Qe6+ Kh7 39. Qf5+ Kg8 40. Ng6 Bxg6 41. Qxg6 Ra8 42. Qc2 Qa7 43. Ra1 Qa3 44. Kf2 Ra5 45. Ke2 Rxc5 46. Qb3 Qa6+ 47. Qd3 Rc2+ 48. Ke3 Qb6+ 49. Kf3 Qf2+ 50. Kg4 Rc4+ 51. Kh5 Qh4+ 0-1

[Event "Erandio op 27th"]
[Site "Erandio"]
[Date "2018.12.15"]
[Round "1"]
[White "Villanueva Arguinberri, Bruno"]
[Black "Montes Gimenez, Mencia"]
[Result "1-0"]
[WhiteElo "2001"]
[BlackElo "1565"]
[PlyCount "74"]
[EventDate "2018.12.15"]
[EventType "swiss"]
[EventRounds "8"]
[EventCountry "ESP"]
[SourceTitle "EXT 2020"]
[Source "ChessBase"]
[SourceDate "2019.10.17"]
[SourceVersion "1"]
[SourceVersionDate "2019.10.17"]
[SourceQuality "1"]

1. e4 c6 2. d4 g6 3. Nc3 Bg7 4. Be3 d6 5. Bc4 Nf6 6. f3 0-0 7. Bb3 Na6 8. Qd2 Re8 9. h4 h5 10. Nh3 Bxh3 11. Rxh3 e5 12. d5 Nc7 13. Bg5 Qd7 14. Rh1 cxd5 15. Bxd5 Nfxd5 16. Nxd5 Nxd5 17. Qxd5 Rac8 18. c3 Rc5 19. Qd2 Rec8 20. Be3 Ra5 21. Kf2 d5 22. b4 Ra3 23. Rhc1 d4 24. cxd4 Rxc1 25. Rxc1 exd4 26. Bf4 Qe6 27. Kg1 Rxa2 28. Qd3 Rb2 29. Bd2 Qa2 30. Rd1 Bh6 31. f4 Qb3 32. Qf1 Qg3 33. e5 Rxd2 34. Rxd2 Bxf4 35. Rd3 Be3+ 36. Rxe3 Qxe3+ 37. Kh1 Qxe5 1-0